| 000 | 00918nam a22002891 4500 | ||
|---|---|---|---|
| 001 | 8845 | ||
| 003 | BD-RjUL | ||
| 005 | 20211208234649.0 | ||
| 008 | 190114s1957 nyua b 001 0 eng | ||
| 035 | _a(BD-RjUL)8890 | ||
| 040 |
_aDLC/ICU _cICU _dDLC _dBD-RjUL _beng |
||
| 041 | _aeng | ||
| 082 | 0 | 0 |
_a532.59 _bSTW |
| 100 | 1 |
_aStoker, J. J. _q(James Johnston), _d1905- _927493 |
|
| 245 | 0 | 0 |
_aWater waves; _bthe mathematical theory with applications. _nVolume IV |
| 260 |
_aNew York : _bInterscience Publishers, _cc1957 [printing 1966]. |
||
| 300 |
_a567 p. : _billus. ; _c24 cm. |
||
| 490 | 1 |
_aPure and applied mathematics, _vv. 4 |
|
| 500 | _aIncludes index. | ||
| 650 | 0 |
_aWater waves. _927494 |
|
| 650 | 0 |
_aHydrodynamics. _920355 |
|
| 650 | 0 |
_aHydraulics. _926899 |
|
| 830 | 0 |
_vv. 4. _9200257 |
|
| 830 | 0 |
_aPure and applied mathematics (Interscience Publishers) ; _9200258 |
|
| 942 |
_2ddc _cBK |
||
| 999 |
_c8845 _d8845 |
||